Multimodal Texts in Disciplinary Education (Record no. 32409)
[ view plain ]
| 000 -LEADER | |
|---|---|
| fixed length control field | 00826nam a2200121Ia 4500 |
| 008 - FIXED-LENGTH DATA ELEMENTS--GENERAL INFORMATION | |
| fixed length control field | 220620s9999||||xx |||||||||||||| ||und|| |
| 100 ## - MAIN ENTRY--PERSONAL NAME | |
| Personal name | Danielsson, Kristina||Selander, Staffan |
| 245 #0 - TITLE STATEMENT | |
| Title | Multimodal Texts in Disciplinary Education |
| Remainder of title | A Comprehensive Framework |
| 546 ## - LANGUAGE NOTE | |
| Language note | English[eng] |
| 650 ## - SUBJECT ADDED ENTRY--TOPICAL TERM | |
| Topical term or geographic name entry element | Learning & Instruction||Literacy||Science Education||Mathematics Education||Language Education||Education||Close reading||Linear writing||Multimodal texts||Representations of knowledge||Semiotic modalities||Student texts||Writing practices||Open Access||Teaching skills & techniques||Cognition & cognitive psychology||Teaching of a specific subject||Science: general issues||Mathematics||Language teaching & learning |
| 856 ## - ELECTRONIC LOCATION AND ACCESS | |
| Uniform Resource Identifier | <a href="https://library.oapen.org/bitstream/20.500.12657/50020/1/978-3-030-63960-0.pdf">https://library.oapen.org/bitstream/20.500.12657/50020/1/978-3-030-63960-0.pdf</a> |
| 942 ## - ADDED ENTRY ELEMENTS (KOHA) | |
| Koha item type | E-Books |
| Withdrawn status | Lost status | Damaged status | Not for loan | Home library | Current library | Date acquired | Total Checkouts | Date last seen | Price effective from | Koha item type |
|---|---|---|---|---|---|---|---|---|---|---|
| Kerala University of Digital Sciences, Innovation and Technology Knowledge Centre | Kerala University of Digital Sciences, Innovation and Technology Knowledge Centre | 20/06/2022 | 20/06/2022 | 20/06/2022 | E-Books |